| 000 | 00487nam a2200169 4500 | ||
|---|---|---|---|
| 001 | 113597 | ||
| 003 | ES-MaACL | ||
| 005 | 20230906185943.0 | ||
| 007 | t| | ||
| 008 | 061121s1960 sp r ||||1| spa d | ||
| 100 | 1 |
_aPacker, Joy. _988155 |
|
| 245 | 1 | 0 |
_aNoche sin luna / _cJoy Packer : versión española de C. Paytuvi. |
| 260 |
_aBarcelona : _bCaralt, _c1960. |
||
| 300 |
_a305 p. ; _c24 cm. |
||
| 700 | 0 |
_aPaytuví de Sierra, Carlos. _989742 |
|
| 852 |
_aES-MaACL _jC-19682 _bR.47070 |
||
| 999 |
_c113597 _d113597 |
||